NFL QB Quiz- Draft BUST edition since 98' - Statistics

General Stats
  • This quiz has been taken 132 times
  • The average score is 10 of 15
Answer Stats
Hint Answer % Correct
This QB was taken with the first pick out of LSU in the 2007 draft and is widely considered the greatest draft bust in the history of the NFL Jamarcus Russell
90%
This was the 2nd Qb taken in the 2014 NFL draft and was supposed to "mean more for Cleveland than Lebron" according to Skip Bayless Johnny Manziel
83%
This QB was a legend in college but unfortunately didn't live up to expectations in the NFL, he even tried again as a TE in 2021 until he ultimately got cut Tim Tebow
77%
While not a traditional draft bust, this QB set in motion the downfall of his career after he blew out his knee in 2012-13 playoffs Robert Griffin III
73%
This QB saw the end of his career when the butt of his lineman flashed before his eyes Mark Sanchez
67%
This QB was in competition to possibly be taken over Peyton Manning in the 1998 draft Ryan Leaf
67%
This Vikings draft pick had us "Ponder" what in the world they were thinking Christian Ponder
65%
This browns QB was the #1 pick of the 1999 draft and is one of the many Qbs Cleveland has ran through over the years Tim Couch
63%
Lord knows where this former Memphis QB is now...... he was drafted to the broncos in the same draft as Goff Paxton Lynch
61%
Former UCLA QB is now probably working at Wendy's after his embarrassing stint in the NFL Josh Rosen
58%
This QB will be more remembered for his love for moms than his play on the field Zach Wilson
58%
This QB looked great during his second season until a double doink seemingly ended this teams and QBs good luck as he is now a career backup Mitch Trubisky
54%
This QB was a former Heisman winner out of Oklahoma who spent most of his NFL days injured Sam Bradford
51%
This QB a part of the 2007 draft class is just one of many busts to come out of Notre Dame, he spent time on the browns and the chiefs most notably Brady Quinn
45%
After just two seasons and less than 5 games started this top 5 pick is one of the biggest disappointments to come out of a recent NFL draft Trey Lance
44%
No matching quizzes found
Score Distribution
Percent of People with Each Score
Percentile by Number Answered
Your Score History
You have not taken this quiz